[Event "NATO-ch 32nd"]
[Site "Tartu"]
[Date "2022.06.30"]
[Round "5"]
[White "Keough, Robert W"]
[Black "Nilsson, Erik"]
[Result "0-1"]
[WhiteElo "2074"]
[BlackElo "2002"]
[PlyCount "76"]
[EventDate "2022.06.27"]
[EventType "swiss"]
[EventRounds "7"]
[EventCountry "EST"]
[SourceTitle "CBM 209 Extra"]
[Source "ChessBase"]
[SourceDate "2022.09.30"]
[SourceVersion "1"]
[SourceVersionDate "2022.09.30"]
[SourceQuality "1"]

1. e4 e6 2. d4 d5 3. Nc3 Bb4 4. e5 c5 5. Qg4 Ne7 6. dxc5 Nbc6 7. Bb5 Bxc3+ 8. bxc3 Qa5 9. Qb4 Qc7 10. f4 0-0 11. Qb2 Bd7 12. Nf3 Rfc8 13. Be3 Na5 14. Bd3 Nc4 15. Bxc4 dxc4 16. 0-0 Nd5 17. Bd4 Nxf4 18. Ng5 Ne2+ 19. Kh1 Nxd4 20. cxd4 Be8 21. Qc3 b6 22. Qh3 h6 23. Ne4 bxc5 24. Nxc5 Bc6 25. Rf4 Bd5 26. Raf1 Rf8 27. Rg4 Kh7 28. Qe3 Qe7 29. Rgf4 Rab8 30. Qf2 f5 31. exf6 Rxf6 32. Rxf6 Qxf6 33. Qg1 Qg5 34. Nd7 Rb2 35. Rf2 Rxa2 36. Qb1 c3 37. h3 Qe3 38. Rf7 Qxh3+ 0-1

[Event "NATO-ch 30th"]
[Site "Berlin"]
[Date "2019.09.17"]
[Round "3.17"]
[White "Keough, Robert W"]
[Black "Violini, Paolo"]
[Result "0-1"]
[WhiteElo "2108"]
[BlackElo "1963"]
[PlyCount "96"]
[EventDate "2019.09.14"]
[EventType "team-swiss"]
[EventRounds "7"]
[EventCountry "GER"]
[SourceTitle "EXT 2020"]
[Source "ChessBase"]
[SourceDate "2019.10.17"]
[SourceVersion "1"]
[SourceVersionDate "2019.10.17"]
[SourceQuality "1"]
[WhiteTeam "NATO"]
[BlackTeam "Italy"]
[BlackTeamCountry "ITA"]

1. e4 e6 2. d4 d5 3. Nc3 Bb4 4. e5 c5 5. Qg4 Ne7 6. dxc5 Bxc3+ 7. bxc3 Ng6 8. Bd3 Nc6 9. Nf3 Qc7 10. 0-0 Ncxe5 11. Nxe5 Qxe5 12. Bb5+ Bd7 13. Bxd7+ Kxd7 14. Qa4+ Ke7 15. c6 bxc6 16. Ba3+ Kf6 17. Bc5 Qc7 18. f4 Ne7 19. Rf3 h5 20. Bd4+ Kf5 21. Bxg7 Rhg8 22. Rg3 f6 23. Qd4 Qb6 24. Bxf6 Qxd4+ 25. Bxd4 Rxg3 26. hxg3 Kg4 27. Re1 Nf5 28. Rxe6 Kxg3 29. Be5 Rg8 30. Rxc6 h4 31. Rf6 Kg4 32. Ra6 h3 33. Rxa7 Kg3 34. gxh3 Kf3+ 35. Kh1 Rg2 36. Rg7 Nxg7 37. Bxg7 Rxg7 38. f5 Kg3 39. Kg1 Rf7 40. Kf1 Rxf5+ 41. Ke2 Rf4 42. Kd2 Kxh3 43. Kc1 Kg3 44. Kb2 Kf3 45. Kb3 Ke3 46. a4 Rc4 47. a5 Kd2 48. a6 Rc6 0-1

[Event "NATO-ch 26th"]
[Site "Amsterdam"]
[Date "2015.07.10"]
[Round "7.8"]
[White "Keough, Robert W"]
[Black "Pietruszewski, Marcin"]
[Result "0-1"]
[WhiteElo "2082"]
[BlackElo "2153"]
[PlyCount "94"]
[EventDate "2015.07.06"]
[EventType "swiss"]
[EventRounds "7"]
[EventCountry "NED"]
[SourceTitle "EXT 2016"]
[Source "ChessBase"]
[SourceDate "2015.10.08"]
[SourceVersion "1"]
[SourceVersionDate "2015.10.08"]
[SourceQuality "1"]
[WhiteTeam "United States"]
[BlackTeam "Poland"]
[WhiteTeamCountry "USA"]
[BlackTeamCountry "POL"]

1. e4 c5 2. d4 cxd4 3. c3 Nf6 4. e5 Nd5 5. cxd4 d6 6. Nf3 Nc6 7. Na3 a6 8. exd6 e6 9. Nc4 Bxd6 10. Bd3 b6 11. 0-0 Bb7 12. Be3 Ncb4 13. Bb1 Nf6 14. Re1 0-0 15. a3 Nbd5 16. Bg5 Bf4 17. Bh4 Rc8 18. Ne3 Qd7 19. Nxd5 Nxd5 20. Ne5 Qc7 21. g3 Bxe5 22. dxe5 f5 23. exf6 Nxf6 24. Ba2 Kh8 25. Rc1 Qb8 26. Rxe6 Ne4 27. f4 b5 28. Rc2 Qa7+ 29. Kf1 Qe3 30. Qe2 Qd4 31. Bb1 Rxc2 32. Qxc2 Nd2+ 33. Ke2 Nxb1 34. Qxb1 Qc4+ 35. Qd3 Qxe6+ 36. Kd2 Re8 37. f5 Qe1+ 38. Kc2 Be4 39. f6 Bxd3+ 40. Kxd3 Qe4+ 41. Kd2 Qe2+ 42. Kc3 Qe3+ 43. Kb4 Qd4+ 44. Ka5 Qd8+ 45. Kb4 Qd4+ 46. Ka5 Qd8+ 47. Kb4 gxf6 0-1

[Event "NATO-ch 26th"]
[Site "Amsterdam"]
[Date "2015.07.08"]
[Round "4.2"]
[White "Volodin, Aleksandr"]
[Black "Keough, Robert W"]
[Result "1-0"]
[WhiteElo "2490"]
[BlackElo "2082"]
[PlyCount "87"]
[EventDate "2015.07.06"]
[EventType "swiss"]
[EventRounds "7"]
[EventCountry "NED"]
[SourceTitle "EXT 2016"]
[Source "ChessBase"]
[SourceDate "2015.10.08"]
[SourceVersion "1"]
[SourceVersionDate "2015.10.08"]
[SourceQuality "1"]
[WhiteTeam "Estonia"]
[BlackTeam "United States"]
[WhiteTeamCountry "EST"]
[BlackTeamCountry "USA"]

1. d4 Nf6 2. c4 g6 3. Nf3 Bg7 4. g3 0-0 5. Bg2 d6 6. 0-0 Nfd7 7. Nc3 Nc6 8. e4 Na5 9. b3 c5 10. Be3 Nc6 11. Qd2 e5 12. dxc5 dxc5 13. Ne1 Nd4 14. Nd3 b6 15. Rae1 Re8 16. f4 exf4 17. Nxf4 Ne5 18. Nfd5 Ng4 19. Bg5 f6 20. Bf4 Ne6 21. Nb5 Ne5 22. Bh6 a6 23. Nbc3 Rf8 24. Ne2 Ra7 25. Rd1 b5 26. Bxg7 Kxg7 27. Qc3 b4 28. Qa1 Rd7 29. Bh3 Ng5 30. Bg2 Qe8 31. h4 Ne6 32. Rxf6 Nd4 33. Nxd4 Rxf6 34. Nxf6 Kxf6 35. Rf1+ Kg7 36. Nc6 Rd4 37. Nxd4 cxd4 38. Qxd4 Kg8 39. Rd1 Bg4 40. Qd8 Qxd8 41. Rxd8+ Kf7 42. Ra8 h5 43. Rxa6 Nd3 44. Rb6 1-0

[Event "NATO-ch 25th"]
[Site "Quebec"]
[Date "2014.09.09"]
[Round "2"]
[White "Keough, Robert W"]
[Black "Kersic, Matej"]
[Result "0-1"]
[WhiteElo "2069"]
[BlackElo "2207"]
[PlyCount "136"]
[EventDate "2014.09.08"]
[EventType "team-swiss"]
[EventRounds "7"]
[EventCountry "CAN"]
[SourceTitle "EXT 2015"]
[Source "ChessBase"]
[SourceDate "2014.11.20"]
[SourceVersion "1"]
[SourceVersionDate "2014.11.20"]
[SourceQuality "1"]
[WhiteTeam "United States"]
[BlackTeam "Slovenia"]
[WhiteTeamCountry "USA"]
[BlackTeamCountry "SLO"]

1. e4 c5 2. d4 cxd4 3. c3 d3 4. Bxd3 d6 5. f4 Nc6 6. Nf3 Nf6 7. 0-0 e6 8. Kh1 Be7 9. Be3 b6 10. Bb5 Bd7 11. Nbd2 0-0 12. Qe2 Qc7 13. h3 e5 14. g4 exf4 15. Bxf4 Ne5 16. Rad1 Rad8 17. Bxd7 Nfxd7 18. Nd4 Rfe8 19. N2f3 Ng6 20. Bg3 Nde5 21. Nf5 Bf8 22. Ne3 Nxf3 23. Qxf3 Qe7 24. Rd4 Ne5 25. Qf2 Qe6 26. Nd5 Rc8 27. Ra4 Nc6 28. Qf5 b5 29. Ra6 Qxe4+ 30. Kh2 Qxf5 31. Rxf5 Re4 32. Kg2 Ra4 33. Rxa4 bxa4 34. Rf4 Rb8 35. Rf2 Ne5 36. Bxe5 dxe5 37. Kf3 f6 38. Ke4 Kf7 39. c4 Bc5 40. Rc2 Rb7 41. Nc3 a3 42. b3 Ke6 43. Na4 Bd4 44. Rd2 Rc7 45. Rd3 g6 46. Rf3 Rf7 47. Rf1 f5+ 48. Kd3 Rd7 49. b4 e4+ 50. Kc2 Ke5 51. c5 f4 52. Nc3 Bxc3 53. Kxc3 e3 54. c6 Rc7 55. b5 a6 56. Kd3 axb5 57. Rb1 Rxc6 58. Rxb5+ Kf6 59. g5+ Kf7 60. Rb7+ Ke8 61. Rb4 Re6 62. Ke2 f3+ 63. Ke1 e2 64. Rb1 Rd6 65. Rc1 Ke7 66. Rb1 Ke6 67. Rc1 Kf5 68. h4 Rd1+ 0-1

[Event "NATO-ch 25th"]
[Site "Quebec"]
[Date "2014.09.08"]
[Round "1"]
[White "Langer, Herbert"]
[Black "Keough, Robert W"]
[Result "1/2-1/2"]
[WhiteElo "1820"]
[BlackElo "2069"]
[PlyCount "150"]
[EventDate "2014.09.08"]
[EventType "team-swiss"]
[EventRounds "7"]
[EventCountry "CAN"]
[SourceTitle "EXT 2015"]
[Source "ChessBase"]
[SourceDate "2014.11.20"]
[SourceVersion "1"]
[SourceVersionDate "2014.11.20"]
[SourceQuality "1"]
[WhiteTeam "Canada II"]
[BlackTeam "United States"]
[WhiteTeamCountry "CAN"]
[BlackTeamCountry "USA"]

1. d4 Nf6 2. Nf3 g6 3. e3 Bg7 4. Bd3 0-0 5. 0-0 d6 6. c3 Nc6 7. e4 e5 8. d5 Ne7 9. Bg5 h6 10. Bd2 c5 11. Qc1 Kh7 12. h3 Nexd5 13. exd5 e4 14. Be2 exf3 15. Bxf3 b5 16. Na3 Qb6 17. Nc2 Bb7 18. Ne3 Nd7 19. c4 Ne5 20. Be2 bxc4 21. Nxc4 Nxc4 22. Qxc4 Qxb2 23. Bxh6 Bxd5 24. Bxg7 Bxc4 25. Bxb2 Bxe2 26. Rfe1 Rfe8 27. Rac1 c4 28. Bd4 Re4 29. Rxc4 Rae8 30. Rb4 a5 31. Ra4 Bb5 32. Rxe4 Rxe4 33. Rxa5 Rxd4 34. Rxb5 Rd1+ 35. Kh2 Rd2 36. a4 Rxf2 37. Rd5 Ra2 38. a5 Kg7 39. Kg3 Kf8 40. Rxd6 Rxa5 41. Rd7 Kg7 42. Rb7 Kf6 43. Kf3 Rf5+ 44. Kg4 Rf2 45. Rb6+ Kg7 46. Kg3 Rf1 47. Rb4 f5 48. Rf4 Rb1 49. h4 Kh6 50. Kh3 Rh1+ 51. Kg3 Kh5 52. Ra4 Re1 53. Rf4 Re3+ 54. Kf2 Rb3 55. g3 Rb2+ 56. Kf3 Rb1 57. Ra4 Re1 58. Ra8 Rf1+ 59. Kg2 Rc1 60. Kf3 Rc3+ 61. Kf4 Rc4+ 62. Kf3 Kh6 63. Ra7 Rc1 64. Rb7 Rc3+ 65. Kf4 Rc4+ 66. Kf3 Rc8 67. Kf4 Rg8 68. Rf7 Rd8 69. Rb7 Rd4+ 70. Kf3 g5 71. hxg5+ Kxg5 72. Rg7+ Kf6 73. Rg8 Rd3+ 74. Kf4 Rd4+ 75. Kf3 Rd3+ 1/2-1/2

[Event "NATO-ch 23nd"]
[Site "Brest"]
[Date "2012.10.01"]
[Round "1"]
[White "Keough, Robert W"]
[Black "Rosseel, Kimball"]
[Result "1-0"]
[WhiteElo "2076"]
[BlackElo "1786"]
[PlyCount "87"]
[EventDate "2012.10.01"]
[EventType "swiss"]
[EventRounds "7"]
[EventCountry "FRA"]
[SourceTitle "CBM 150 Extra"]
[Source "ChessBase"]
[SourceDate "2012.10.19"]
[SourceVersion "1"]
[SourceVersionDate "2012.10.19"]
[SourceQuality "1"]

1. e4 e6 2. d4 d5 3. Nc3 Nf6 4. Bg5 Be7 5. e5 Nfd7 6. Bxe7 Qxe7 7. f4 a6 8. Qd2 c5 9. Nf3 Nc6 10. dxc5 Nxc5 11. 0-0-0 0-0 12. Kb1 f6 13. Bd3 Bd7 14. Rhe1 b5 15. Qf2 b4 16. exf6 Rxf6 17. Nxd5 Qf8 18. Nxf6+ gxf6 19. Bc4 Kh8 20. g4 Na5 21. Rxd7 Nxd7 22. Bxe6 Nc5 23. f5 Rd8 24. h4 Qd6 25. Qg1 Nab7 26. g5 Nxe6 27. fxe6 Qf4 28. e7 Re8 29. gxf6 Qxf6 30. Qd4 Qxd4 31. Nxd4 Kg7 32. Ne6+ Kf6 33. Nc7 Rxe7 34. Rxe7 Kxe7 35. Nxa6 h5 36. Nxb4 Ke6 37. Nd3 Kf5 38. Nf2 Kf4 39. a4 Kg3 40. Ne4+ Kxh4 41. b4 Kg4 42. a5 Nxa5 43. bxa5 h4 44. a6 1-0

[Event "Stuttgart-chA int"]
[Site "Gerlingen"]
[Date "2011.06.04"]
[Round "7"]
[White "Gibicar, Danijel"]
[Black "Keough, Robert W"]
[Result "1/2-1/2"]
[WhiteElo "2037"]
[BlackElo "2106"]
[PlyCount "113"]
[EventDate "2011.06.02"]
[EventType "swiss"]
[EventRounds "7"]
[EventCountry "GER"]
[SourceTitle "EXT 2018"]
[Source "ChessBase"]
[SourceDate "2017.10.13"]
[SourceVersion "1"]
[SourceVersionDate "2017.10.13"]
[SourceQuality "1"]

1. d4 Nf6 2. c4 g6 3. Nc3 Bg7 4. e4 d6 5. f3 0-0 6. Be3 c5 7. Nge2 cxd4 8. Nxd4 Nc6 9. Be2 Nxd4 10. Bxd4 Be6 11. 0-0 Rc8 12. b3 a6 13. Qd2 Qc7 14. Rac1 Nd7 15. Rfd1 Bxd4+ 16. Qxd4 Qc5 17. Qxc5 dxc5 18. f4 Nb8 19. Nd5 Nc6 20. Nb6 Rcd8 21. Na4 Nd4 22. Bf1 Rc8 23. Nxc5 Rxc5 24. Rxd4 b5 25. Rcd1 bxc4 26. Bxc4 Bxc4 27. Rxc4 Rxc4 28. bxc4 Rb8 29. Rd2 Rb1+ 30. Kf2 Rc1 31. Rd8+ Kg7 32. Rd7 Rxc4 33. Ke3 Ra4 34. Rd2 h6 35. Kf3 h5 36. Ke3 h4 37. Kf3 f6 38. Re2 g5 39. g3 hxg3 40. hxg3 Kg6 41. f5+ Kf7 42. Rc2 a5 43. Re2 Ra3+ 44. Kg4 a4 45. Rb2 Ke8 46. Rb8+ Kd7 47. Rb7+ Kd6 48. Rb6+ Kc5 49. Re6 Rxa2 50. e5 fxe5 51. Rxe5+ Kd6 52. Re6+ Kd7 53. Re3 Rb2 54. Ra3 Rb4+ 55. Kxg5 Kd6 56. Re3 Rb3 57. Re4 1/2-1/2

[Event "NATO-ch 21st"]
[Site "Koge"]
[Date "2010.10.19"]
[Round "3"]
[White "Schott, Guido"]
[Black "Keough, Robert W"]
[Result "1-0"]
[WhiteElo "2174"]
[BlackElo "2114"]
[PlyCount "121"]
[EventDate "2010.10.18"]
[EventType "swiss"]
[EventRounds "7"]
[EventCountry "DEN"]
[SourceTitle "EXT 2011"]
[Source "ChessBase"]
[SourceDate "2010.11.26"]
[SourceVersion "1"]
[SourceVersionDate "2010.11.26"]
[SourceQuality "1"]

1. Nf3 Nf6 2. g3 d6 3. d4 g6 4. Bg2 Bg7 5. 0-0 0-0 6. c4 Nfd7 7. Nc3 Nc6 8. Be3 e5 9. Rc1 f5 10. dxe5 dxe5 11. Ng5 Nf6 12. Nd5 h6 13. Nh3 Kh7 14. f3 Be6 15. Bc5 Rf7 16. e4 Bf8 17. Be3 Nd7 18. exf5 gxf5 19. f4 e4 20. Qh5 Kg7 21. Bxe4 fxe4 22. f5 Bxd5 23. cxd5 Nce5 24. Nf4 Kg8 25. Ne6 Qf6 26. Bd4 Bd6 27. Rf4 Kh8 28. Rg4 Rg8 29. Rxg8+ Kxg8 30. Rf1 Nf8 31. Rf4 Kh8 32. Kg2 Nh7 33. Rxe4 Qxf5 34. Qxf5 Rxf5 35. g4 Ng5 36. Nxg5 Rxg5 37. h4 Rxg4+ 38. Rxg4 Kh7 39. Re4 Nd3 40. a3 Nf4+ 41. Kf3 Ng6 42. Kg4 Ne7 43. Re6 Nxd5 44. h5 Ne7 45. Bxa7 Nc6 46. Be3 Bf8 47. b4 Bg7 48. b5 Ne5+ 49. Kf5 Nc4 50. Re7 Kg8 51. Bf4 Bf8 52. Rxc7 Nxa3 53. Rxb7 Nc2 54. Kg6 Nb4 55. Rb8 Nd3 56. Bxh6 Ne5+ 57. Kf5 Nd7 58. Rxf8+ Kh7 59. Rf7+ Kxh6 60. Rxd7 Kxh5 61. Rh7# 1-0

[Event "NATO-ch 16th"]
[Site "Kolobrzeg"]
[Date "2005.08.23"]
[Round "2"]
[White "Pioch, Zygmunt"]
[Black "Keough, Robert W"]
[Result "1/2-1/2"]
[WhiteElo "2245"]
[BlackElo "2076"]
[PlyCount "80"]
[EventDate "2005.08.21"]
[EventType "swiss"]
[EventRounds "7"]
[EventCountry "POL"]
[SourceTitle "CBM 108 Extra"]
[Source "ChessBase"]
[SourceDate "2005.11.04"]
[SourceVersion "1"]
[SourceVersionDate "2005.11.04"]
[SourceQuality "1"]

1. e4 c5 2. Nf3 a6 3. c3 Nf6 4. e5 Nd5 5. d4 cxd4 6. cxd4 e6 7. Nc3 Nxc3 8. bxc3 d5 9. Bd3 Nc6 10. 0-0 Be7 11. a4 Na5 12. Nd2 Bd7 13. Ba3 Bxa3 14. Rxa3 Qe7 15. Qa1 Rc8 16. f4 0-0 17. Qb2 Kh8 18. Raa1 f6 19. Nf3 Rc7 20. Rfc1 Nc4 21. Bxc4 dxc4 22. a5 Bc6 23. Qe2 Bxf3 24. gxf3 fxe5 25. fxe5 Qg5+ 26. Kh1 Rcf7 27. Rg1 Qh5 28. Raf1 Rf4 29. Rg3 Rh4 30. Rf2 Qf5 31. Rgg2 Qd3 32. Qxd3 cxd3 33. Rd2 Kg8 34. Rxd3 Rc8 35. Rg4 Rxg4 36. fxg4 Rc4 37. Kg2 Ra4 38. Kf3 Rxa5 39. Ke4 Ra2 40. d5 Ra4+ 1/2-1/2